BASIC CIVIL ENGINEERING / (Record no. 589422)
[ view plain ]
| 000 -LEADER | |
|---|---|
| fixed length control field | 00308nam a22001337a 4500 |
| 020 ## - INTERNATIONAL STANDARD BOOK NUMBER | |
| Qualifying information | PB. |
| 040 ## - CATALOGING SOURCE | |
| Transcribing agency | FIZZA ISHAQ |
| 082 ## - DEWEY DECIMAL CLASSIFICATION NUMBER | |
| Classification number | 620 |
| Author Mark | SAT |
| 100 ## - MAIN ENTRY--PERSONAL NAME | |
| Personal name | GOPI,SATHEESH. |
| 9 (RLIN) | 63551 |
| 245 ## - TITLE STATEMENT | |
| Title | BASIC CIVIL ENGINEERING / |
| Statement of responsibility, etc. | SATHEESH GOPI. |
| 260 ## - PUBLICATION, DISTRIBUTION, ETC. | |
| Place of publication, distribution, etc. | PEARSON ; |
| Date of publication, distribution, etc. | 2010. |
| 300 ## - PHYSICAL DESCRIPTION | |
| Extent | 328 P. ; |
| 942 ## - ADDED ENTRY ELEMENTS (KOHA) | |
| Source of classification or shelving scheme | |
| Koha item type | Book |
| Withdrawn status | Lost status | Source of classification or shelving scheme | Damaged status | Not for loan | Permanent Location | Current Location | Date acquired | Total Checkouts | Full call number | Barcode | Date last seen | Price effective from | Koha item type |
|---|---|---|---|---|---|---|---|---|---|---|---|---|---|
| NUST Baluchistan Campus (NBC) | NUST Baluchistan Campus (NBC) | 04/27/2022 | 620 SAT | Q-4016 | 04/27/2022 | 04/27/2022 | Book |
